Statistics for 2021 Africa Cup of Nations Final Senegal - Egypt

Click here to take the quiz!

General Stats

  • This quiz has been taken 65 times
  • The average score is 14 of 31

Answer Stats

Player% Correct
Sadio Mané
100%
Mohamed Salah
98%
Édouard Mendy
90%
Nampalys Mendy
90%
Kalidou Koulibaly
87%
Mohamed Elneny
69%
Bouna Sarr
67%
Idrissa Gueye
67%
Ismaïla Sarr
67%
Pape Gueye
65%
Boulaye Dia
63%
Saliou Ciss
56%
Abdou Diallo
54%
Mostafa Mohamed
52%
Trézéguet
48%
Aliou Cissé
46%
Cheikhou Kouyaté
42%
Mohamed Abou Gabal
33%
Omar Marmoush
29%
Zizo
27%
Carlos Queiroz
25%
Bamba Dieng
19%
Emam Ashour
19%
Famara Diédhiou
19%
Hamdy Fathy
15%
Mahmoud Hamdy
15%
Mohamed Abdelmonem
15%
Amr El Solia
12%
Marwan Hamdi
12%
Ahmed Abou El Fotouh
6%
Mohanad Lasheen
6%

Score Distribution

Percentile by Number Answered

Percent of People with Each Score

Your Score History

You have not taken this quiz